000 00495nam a2200181Ia 4500
005 20250508162155.0
008 008 250505s9999 xx 000 0 eng d
037 _aTextual
040 _aFEDL
_beng
_cFEDL
041 _aeng
_2eng
084 _a917.3, SIN
_qFEDL
100 _aSingal R L
245 0 _aPassage to the United States
260 _aChandigarh, India
_bThe Lyall Book Depot
_c1978
300 _avii,197p.
942 _cTEXL
_h917.3, SIN
999 _c1374822
_d1374822